Owoce - Statystyki

Ogólne statystyki
  • Ten quiz został rozwiązany 6 290 razy
    6 111 od ostatniego zresetowania
  • Średni wynik to 25 z 42
Statystyki odpowiedzi
Pierwsza litera Owoc % Poprawnych
B Banan
93%
J Jabłko
92%
A Arbuz
90%
A Ananas
85%
T Truskawka
84%
G Gruszka
83%
P Pomarańcza
83%
C Cytryna
81%
Ś Śliwka
81%
M Malina
80%
M Mandarynka
77%
K Kiwi
73%
B Borówka
72%
A Agrest
71%
B Brzoskwinia
70%
W Winogrono
70%
W Wiśnia
70%
C Czereśnia
68%
J Jagoda
66%
M Mango
66%
F Figa
64%
P Porzeczka czarna
59%
P Porzeczka czerwona
59%
A Awokado
56%
N Nektarynka
56%
J Jeżyna
53%
L Liczi
52%
G Granat
51%
M Melon
51%
P Pomelo
50%
Ż Żurawina
45%
G Grejpfrut
44%
M Morela
43%
P Papaja
43%
P Poziomka
42%
K Kokos
41%
M Marakuja
41%
S Smoczy owoc
37%
A Aronia
34%
D Daktyl
32%
P Pigwa
31%
K Karambola
12%
Nie znaleziono quizów pasujących do podanych kryteriów
Rozkład punktacji
Procent ludzi z każdym wynikiem
Percentyl według liczby udzielonych odpowiedzi
Twoja historia wyników
Nie rozwiązałeś tego quizu od ostatniego zresetowania